<?xml version='1.0' encoding='UTF-8'?>
  <record xmlns="http://www.loc.gov/MARC21/slim">
    <leader>00000cem a22000007i 4500</leader>
    <controlfield tag="001">ocn967562293</controlfield>
    <controlfield tag="003">OCoLC</controlfield>
    <controlfield tag="005">20240127100239.6</controlfield>
    <controlfield tag="008">031017s1811    ne        a     1   dut d</controlfield>
    <datafield tag="040" ind1=" " ind2=" ">
      <subfield code="a">QGJ</subfield>
      <subfield code="b">dut</subfield>
      <subfield code="c">QGJ</subfield>
      <subfield code="d">OCLCQ</subfield>
      <subfield code="d">OCLCA</subfield>
      <subfield code="d">OCLCL</subfield>
    </datafield>
    <datafield tag="035" ind1=" " ind2=" ">
      <subfield code="a">(OCoLC)967562293</subfield>
    </datafield>
    <datafield tag="245" ind1="0" ind2="0">
      <subfield code="a">Geschied- en tijdrekenkundige tafel, behoorende tot het Kort begrip der algemeene geschiedenis van Curas en Schröck /</subfield>
      <subfield code="c">uitg. door de Maatschappij tot Nut van 't Algemeen.</subfield>
    </datafield>
    <datafield tag="264" ind1=" " ind2="1">
      <subfield code="a">Leiden :</subfield>
      <subfield code="b">D. du Mortier en Zoon ;</subfield>
      <subfield code="a">Deventer :</subfield>
      <subfield code="b">J.H. de Lange ;</subfield>
      <subfield code="a">Groningen :</subfield>
      <subfield code="b">J. Oomkens,</subfield>
      <subfield code="c">[1811]</subfield>
    </datafield>
    <datafield tag="300" ind1=" " ind2=" ">
      <subfield code="a">7 bladen :</subfield>
      <subfield code="b">steendruk ;</subfield>
      <subfield code="c">plano</subfield>
    </datafield>
    <datafield tag="336" ind1=" " ind2=" ">
      <subfield code="a">cartografische afbeelding</subfield>
      <subfield code="b">cri</subfield>
      <subfield code="2">rdacontent/dut</subfield>
    </datafield>
    <datafield tag="337" ind1=" " ind2=" ">
      <subfield code="a">zonder medium</subfield>
      <subfield code="b">n</subfield>
      <subfield code="2">rdamedia/dut</subfield>
    </datafield>
    <datafield tag="338" ind1=" " ind2=" ">
      <subfield code="a">vel</subfield>
      <subfield code="b">nb</subfield>
      <subfield code="2">rdacarrier/dut</subfield>
    </datafield>
    <datafield tag="500" ind1=" " ind2=" ">
      <subfield code="a">Tijdkundige tabel vanaf de 'Schepping der Wereld en der Menschen' (3983 v. Chr.) tot aan de 'Verovering der Nederlanden' (1795 n. Chr.).</subfield>
    </datafield>
    <datafield tag="700" ind1="1" ind2=" ">
      <subfield code="a">Curas, Hilmar,</subfield>
      <subfield code="d">1714-1729 fl.</subfield>
      <subfield code="1">https://id.oclc.org/worldcat/entity/E39PCjvMBvmgGgc7kpQJk8ptXb</subfield>
    </datafield>
    <datafield tag="700" ind1="1" ind2=" ">
      <subfield code="a">Schröckh, Johann Matthias,</subfield>
      <subfield code="d">1733-1808.</subfield>
      <subfield code="1">https://id.oclc.org/worldcat/entity/E39PBJj8PBRkmPB3gMTv7rBHG3</subfield>
    </datafield>
    <datafield tag="710" ind1="2" ind2=" ">
      <subfield code="a">Maatschappij tot Nut van 't Algemeen.</subfield>
    </datafield>
    <datafield tag="758" ind1=" " ind2=" ">
      <subfield code="a">Geschied- en tijdrekenkundige tafel, behoorende tot het Kort begrip der Algemeene Geschiedenis van Curas en Schröck (CartographicMaterial)</subfield>
      <subfield code="1">https://id.oclc.org/worldcat/entity/E39PCGMRGfrCWw6WBTTC8x4hxP</subfield>
      <subfield code="4">https://id.oclc.org/worldcat/ontology/hasWork</subfield>
    </datafield>
  </record>